000 00685nam a2200289Ia 4500
001 982
008 191123s9999 xx 000 0 und d
041 _aspa
044 _aag
100 _aHenríquez Ureña de Hlito, Sonia,
245 0 _aAlfredo Hlito :
_bescritos sobre arte.
260 _aBuenos Aires :
_bAcademia Nacional de Bellas Artes,
_c1995.
300 _a254 p.
500 _aLa biblioteca posee 3 ej.
650 _aARGENTINA
650 _aARTE
650 _aARTE CONCRETO
650 _aHLITO, ALFREDO
902 _aM
903 _am
904 _am
907 _aImpreso
911 _ailus b/n; 20 cm
912 _a1995
942 _cLIBRO
999 _c777
_d777